Catalog

Record Details

Catalog Search



The camping caper : Scooby-Doo Cover Image Book Book

The camping caper : Scooby-Doo/ by Gail Herman ; illustrated by Duendes del Sur.

Herman, Gail, 1959- (author). Duendes Del Sur (Firm),: (illustrator.).

Summary:

Scooby, Shaggy and the gang are about to find out if the woods are haunted when the Mystery, Inc. gang goes camping.

Record details

  • ISBN: 0439809428
  • ISBN: 9780439809429
  • ISBN: 9781417776955
  • ISBN: 1417776951
  • ISBN: 9781415645222
  • ISBN: 1415645221
  • Physical Description: 32 pages : color illustrations ; 23 cm.
  • Publisher: New York : Scholastic, c2006.
Subject: Scooby-Doo (Fictitious character).
Camping > Fiction.
Genre: High interest-low vocabulary books.
Detective and mystery fiction.

Available copies

  • 1 of 1 copy available at scottsboropl.

Holds

  • 0 current holds with 1 total copy.
Show Only Available Copies
Location Call Number / Copy Notes Barcode Shelving Location Status Due Date
scottsboropl BR Sco 32269000791445 Juvenile - Beginning Reader Available -

LDR 01204pam a2200313 a 4500
001129831
003SBPL
00520140703073305.0
008060812s2006 nyua j 000 1 eng d
010 . ‡a 2006297395
020 . ‡a0439809428
020 . ‡a9780439809429
020 . ‡a9781417776955 ‡q(Turtleback)
020 . ‡a1417776951 ‡q(Turtleback)
020 . ‡a9781415645222
020 . ‡a1415645221
035 . ‡a(CONS)129831
035 . ‡a(CPomAG)LMN499664
05000. ‡aMLCM 2006/43354
1001 . ‡aHerman, Gail, ‡d1959-: ‡eauthor
24514. ‡aThe camping caper : ‡bScooby-Doo/ ‡cby Gail Herman ; illustrated by Duendes del Sur.
2461 . ‡aAhead of title: ‡aCartoon Network Scooby-Doo the camping caper
24630. ‡aScooby-Doo the camping caper
260 . ‡aNew York : ‡bScholastic, ‡cc2006.
300 . ‡a32 pages : ‡bcolor illustrations ; ‡c23 cm.
336 . ‡atext ‡btxt ‡2rdacontent
337 . ‡aunmediated ‡bn ‡2rdamedia
338 . ‡avolume ‡bnc ‡2rdacarrier
4901 . ‡aScooby-Doo readers ; ‡vBk 18
4901 . ‡aHello reader! Level 2
520 . ‡aScooby, Shaggy and the gang are about to find out if the woods are haunted when the Mystery, Inc. gang goes camping.
650 1. ‡aScooby-Doo (Fictitious character).
650 1. ‡aCamping ‡vFiction.
655 7. ‡aHigh interest-low vocabulary books. ‡2lcgft
655 7. ‡aDetective and mystery fiction. ‡2lcgft
7102 . ‡aDuendes Del Sur (Firm),: ‡eillustrator.
901 . ‡a129831 ‡bUnknown ‡c129831 ‡tbiblio

Additional Resources